A papucsos
Elmentve itt :
| Szerző: | |
|---|---|
| Dokumentumtípus: | Cikk |
| Megjelent: |
1982-07-17
|
| Sorozat: | Délmagyarország
72 No. 166 |
| Kulcsszavak: | Rátkai Sándor |
| Online Access: | http://dmarchiv.bibl.u-szeged.hu/99221 |
| LEADER | 00431nab a2200157 i 4500 | ||
|---|---|---|---|
| 001 | delm99221 | ||
| 005 | 20190624100848.0 | ||
| 008 | 190624s1982 hu o 0|| hun d | ||
| 040 | |a SZTE Délmagyarország Archívum |b hun | ||
| 041 | |a hun | ||
| 100 | 1 | |a Takács Gábor | |
| 245 | 1 | 2 | |a A papucsos |h [elektronikus dokumentum] / |c Takács Gábor |
| 260 | |c 1982-07-17 | ||
| 300 | |a 5 | ||
| 490 | 0 | |a Délmagyarország |v 72 No. 166 | |
| 695 | |a Rátkai Sándor | ||